Responses for Show #6812 - Tuesday, April 8, 2014

Contestants

[<< previous game]

Derrick Shivar, an environmental compliance manager from Baltimore, Maryland

Annalisa Srivatsan, a benefits analyst from Carlsbad, California

Michelle Leppert, a senior managing editor from Danvers, Massachusetts (whose 1-day cash winnings total $24,700)

[next game >>]

Jeopardy! Round responses

MOVIES' MAIN CITIES
POETIC TERMS
FOOD LABELING
AMERICAN HISTORY
7-LETTER WORDS
THE CULLINAN DIAMOND MINE
    $200 1
Las Vegas

Michelle
    $200 27
an elegy

Derrick
    $200 8
organic

Annalisa
    $200 6
shut down (the government)

Annalisa
    $200 14
a javelin

Derrick
    $200 20
Burton and Taylor

Michelle
    $400 2
New Orleans

Derrick
    $400 28
(Michelle: What is farming?)
(Derrick: What is herding?)
(Alex: [slight pause] We'll accept that - )
(Derrick: Shepherding?)
(Alex: Yes.)

(shep)herding

MichelleDerrick
    $400 9
(Annalisa: What is salt?)
(Alex: What is salt, [*], yeah, no, whoa, I gave it. Sorry, you are incorrect.)

sodium

Annalisa
Triple Stumper
    $1,000 7
Cuba

Annalisa
    $400 15
an epaulet

Michelle
    $400 22
red

Triple Stumper
    $600 3
(Derrick: What is New York?)

Los Angeles

MichelleDerrick
    $600 29
[The end-of-round signal sounds.]

a quatrain

Triple Stumper
    $600 10
vitamin B

Derrick
    $600 11
tobacco and liquor

Triple Stumper
    $600 16
a placebo

Michelle
    $600 23
koi

Annalisa
    $800 4
San Francisco

Derrick
    $800 19
free range

Derrick
    $800 12
(Derrick: What is Atlanta?)
(Alex: What is [*] - city of brotherly love.)

Philadelphia

Derrick
Triple Stumper
    $800 17
a parfait

Michelle
    $800 24
a carat

Annalisa
    $1000 5
(Annalisa: What is Chicago?)

Baltimore

AnnalisaDerrick
    $1000 26
assonance

Derrick
    $1000 21
a rabbi

Derrick
    $1000 13
Roger Williams

Michelle
    $1000 18
deviate

Michelle
    $1000 25
facets

Michelle

Scores at the first commercial break (after clue 15):

Michelle Annalisa Derrick
$2,200 $0 $1,600

Scores at the end of the Jeopardy! Round:

Michelle Annalisa Derrick
$5,400 $1,400 $5,000

Double Jeopardy! Round responses

17th CENTURY THINKERS
TV COPS
(Alex: We will give you the [*], you identify the show for us, please.)
STATUES
OVER THE "P.A."
LONG WALKS ON THE BEACH
TAKING IN THE SUN
    $400 6
Bacon

Michelle
    $400 7
CSI

Michelle
    $400 13
Rocky Balboa

Michelle
    $400 18
penny ante

Michelle
    $400 1
Atlantic City

Michelle
    $800 12
Galileo

Michelle
    $800 8
Hawaii Five-O

Michelle
    $800 14
Iwo Jima

Derrick
    $800 19
a panic attack

Derrick
    $800 2
Trinidad and Tobago

Michelle
    $800 27
kilowatt

Michelle
    $1200 20
William Penn

Derrick
    $1200 9
Dragnet

Michelle
    $1200 15
the War of 1812

Derrick
    $1200 24
per annum

Derrick
    $1200 3
Daytona

Annalisa
    $1200 23
convection

Michelle
    $1600 21
René Descartes

Triple Stumper
    $1600 10
The Killing

Michelle
    $2,000 16
(Derrick: What is the Mermaid?)
(Alex: I want you to be a little more specific than that.)
(Derrick: [Pauses, shakes head back and forth] That's all I got.)
(Alex: Yeah. It's called [*]. It's a world-famous statue. So, you're at $8,600. Go again.)

the Little Mermaid

Derrick
    $1600 25
(Michelle: What is play acting?)
...
(Alex: ...and we have less than a minute to go now, Derrick.)

performance art

Michelle
Triple Stumper
    $1600 4
Bora Bora

Derrick
    $1600 28
the magnetic field

Michelle
    $2,000 22
(Alex: Nothing?)
(Derrick: Nope.)

Spinoza

Derrick
    $2000 11
Cop Rock

Derrick
    $2000 17
(Duke) Ellington

Annalisa
    $2000 26
a police action

Derrick
    $2000 5
(Annalisa: What is Brighton Beach?)

Dover Beach

Annalisa
Triple Stumper
    $2000 29
(Michelle: What is a cloud?)
[The end-of-round signal sounds.]

a solar nebula

Michelle
Triple Stumper

Scores at the end of the Double Jeopardy! Round:

Michelle Annalisa Derrick
$12,600 $2,600 $11,800

[wagering suggestions for these scores]

Final Jeopardy! Round responses

MUSIC MAKERS
(Alex: The historic document is the Magna Carta. There are only four original copies--not copies--four originals in the world, one of them at the Salisbury Cathedral.)
AnnalisaWho is the [unclear]
$2,599
DerrickWho is Jay-Z?
$11,000
MichelleWho is [something scribbled beyond legibility] ?
$12,000
Jay-Z

Final scores:

Michelle Annalisa Derrick
$600 $1 $22,800
2nd place: $2,000 3rd place: $1,000 New champion: $22,800

Game dynamics:

Coryat scores:

Michelle Annalisa Derrick
$12,600 $2,000 $15,800
22 R,
3 W
7 R
(including 1 DD),
3 W
18 R,
4 W
(including 2 DDs)

Combined Coryat: $30,400

[game clues] [game scores] [suggest correction]

Game tape date: 2013-12-18
The J! Archive is created by fans, for fans. Scraping, republication, monetization, and malicious use prohibited; this site may use cookies and collect identifying information. See terms. The Jeopardy! game show and all elements thereof, including but not limited to copyright and trademark thereto, are the property of Jeopardy Productions, Inc. and are protected under law. This website is not affiliated with, sponsored by, or operated by Jeopardy Productions, Inc. Join the discussion at JBoard.tv.